000 00297nam a22001337a 4500
008 170227b xxu||||| |||| 00| 0 eng d
020 _a9781741622218
041 _aeng
080 _a617
100 _a5
101 _aSHK
245 _aORAL HEALTH THERAPY PROGRAMS
_cTSANG.A.KL
942 _2udc
_cBK
999 _c6293
_d6293